|
|
|
|
| LEADER |
01072aam a22002898a 4500 |
| 001 |
00043588 |
| 005 |
20190220100212.0 |
| 008 |
170513s ||||||Engsd |
| 020 |
# |
# |
|c 0
|a 9789814653503
|
| 041 |
0 |
# |
|a Eng
|
| 082 |
1 |
4 |
|a 428
|b L300
|
| 100 |
1 |
# |
|a Hughes, John
|
| 245 |
1 |
0 |
|a Life
|c John Hughes; Paul Dummentt; Helen Stephenson
|b Elementary. Student's Book with Online Workbook . A1 - A2
|
| 250 |
# |
# |
|a Vietnam edtion
|
| 260 |
# |
# |
|c 2015
|b National Geographic Learning; Cengage Learning
|a Singapore
|
| 300 |
# |
# |
|e 1 CD
|a 174 tr.
|c 30 cm.
|
| 500 |
# |
# |
|a Sách Đề án Ngoại ngữ 2020. A2 - B1
|
| 653 |
# |
# |
|a Bài tập
|
| 653 |
# |
# |
|a Ngôn ngữ
|
| 653 |
# |
# |
|a Thực hành
|
| 653 |
# |
# |
|a Tiếng Anh
|
| 653 |
# |
# |
|a Tự học
|
| 700 |
1 |
# |
|a Dummett, Paul
|
| 700 |
1 |
# |
|a Stephenson, Helen
|
| 852 |
# |
# |
|j KD.0024802
|j KM.0027764
|j KM.0027766
|j KM.0027767
|j KM.0027769
|j KM.0027771
|j KM.0027765
|j KM.0027768
|j KM.0027763
|j KM.0027772
|j KM.0027770
|
| 910 |
0 |
# |
|d 20/2/2019
|
| 980 |
# |
# |
|a Trung tâm Học liệu Lê Vũ Hùng, Trường Đại học Đồng Tháp
|